Introducción a la filosofía /

Tallennettuna:
Bibliografiset tiedot
Päätekijä: Dávila, Julio (autor)
Aineistotyyppi: Kirja
Kieli:espanja
Julkaistu: México : editorial no identificada, 1954
Tagit: Lisää tagi
Ei tageja, Lisää ensimmäinen tagi!

MARC

LEADER 00000nam^a2200000^a^4500
001 000562551
005 20250521000000.0
009 20260310131947.559
037 |a Acervo Xavier Clavigero 
041 |a ESP 
091 |a FPA. 00164 
100 |a Dávila, Julio  |e (autor) 
245 1 0 |a Introducción a la filosofía / 
264 1 |a México :  |b editorial no identificada,  |c 1954 
300 |a 199 p. 
336 |a texto  |b txt  |2 rdacontenido 
337 |a sin mediación  |b n  |2 rdamedio 
338 |a volumen  |b nc  |2 rdasoporte 
649 |a XX 
910 |a Fondo José Ignacio Palencia Gómez S.J. 
920 |a Impresos - Libros 
930 |a Fondos Especiales 
905 |a 137 
901 |a 0500360015  |b IT2  |c ESL  |i D  |u 20250521 
901 |a 0500359793  |b IT2  |c ESL  |i D  |u 20250521 
902 |a https://opac.biblio.iteso.mx/vufind/Record/000562551